Soccer Logos - Trivia - Statistics

General Stats
  • This quiz has been taken 941 times
  • The average score is 50 of 60
Answer Stats
Question Tile Select % Correct
That have won the Champions League/European Cup Yes
96%
That have won the Champions League/European Cup Yes
95%
That have won the Premier League Yes
91%
That have won the Premier League Yes
91%
That have won the Premier League Yes
91%
That Cristiano Ronaldo or Lionel Messi have played for No
91%
That Cristiano Ronaldo or Lionel Messi have played for No
91%
That Cristiano Ronaldo or Lionel Messi have played for No
91%
That Cristiano Ronaldo or Lionel Messi have played for No
91%
That have won the World Cup No
91%
That have won the Champions League/European Cup No
90%
That have won the Premier League Yes
90%
That Cristiano Ronaldo or Lionel Messi have played for Yes
90%
That Cristiano Ronaldo or Lionel Messi have played for Yes
90%
That Cristiano Ronaldo or Lionel Messi have played for No
90%
That Cristiano Ronaldo or Lionel Messi have played for Yes
90%
That Cristiano Ronaldo or Lionel Messi have played for No
90%
That have won the World Cup No
90%
That have won the World Cup No
90%
That have won the World Cup Yes
89%
That have won the World Cup Yes
89%
That have won the World Cup Yes
89%
That have won the World Cup Yes
89%
That have won the Champions League/European Cup No
88%
That Cristiano Ronaldo or Lionel Messi have played for Yes
88%
That have won the World Cup Yes
88%
South American clubs No
88%
That have won the World Cup No
87%
That have won the Champions League/European Cup Yes
86%
That have won the Champions League/European Cup Yes
86%
That have won the Premier League Yes
86%
That Cristiano Ronaldo or Lionel Messi have played for Yes
86%
South American clubs Yes
85%
That have won the Champions League/European Cup No
84%
That Cristiano Ronaldo or Lionel Messi have played for Yes
84%
That have won the Champions League/European Cup No
83%
That have won the Champions League/European Cup No
82%
That have won the Premier League Yes
82%
That have won the World Cup No
82%
South American clubs Yes
82%
South American clubs No
82%
That have won the Premier League No
80%
That have won the Champions League/European Cup Yes
78%
That have won the Premier League No
78%
That have won the World Cup No
78%
South American clubs Yes
77%
South American clubs Yes
77%
That have won the Premier League No
76%
That have won the World Cup Yes
76%
That have won the Champions League/European Cup Yes
75%
That have won the Champions League/European Cup No
75%
That have won the Premier League No
75%
South American clubs No
75%
South American clubs Yes
74%
South American clubs No
72%
That have won the Premier League No
70%
South American clubs No
69%
South American clubs Yes
65%
That have won the Premier League Yes
60%
South American clubs No
55%
No matching quizzes found
Score Distribution
Percent of People with Each Score
Percentile by Number Answered
Your Score History
You have not taken this quiz